000 00438cam a2200193 4500
001 D8616
008 090401t1979 xxu||||| |||| 00| 0 eng d
035 _a(Sirsi) u14143
041 _aeng
050 _a692.5
100 _aSeeley, Ivor Hugh
245 _aBuilding quantities explained
250 _a3rd
260 _aLondon
_bMacMillan
_c1979
300 _axiii. 273p. 23cm
350 _a3.95
942 _n0
948 _c04/03/1997
999 _c87149
_d87149